000 01659 a2200277 4500
001 2162214035926629
003 UA-OsUOA
005 20260227110714.0
008 260227b pl ||||| |||| 00| f pol d
020 _a9788370797546
040 _aUA-OsUOA
_bukr
_cUA-OsUOA
_dUA-OsUOA
041 _apol
080 _a821.162.1(862)
090 _a821.162.1(862)
_bM32
100 _aMarquez G. G.
_923308
245 _aSto lat samotności
_cGabriel Garcia Marquez ; Przełożyly: Grażyna Grudzińska, Kalina Wojciechowska
260 _aWarszawa
_bWarszawskie Wydawnictwo Literackie MUZA SA
_c2003
300 _a451 s.
518 _aMiała to być pierwsza powieść Gabriela Garcíi Marqueza. Dzięki swym dziadkom znał od dziecka historię Macondo i dzieje rodziny Buendía, prześladowanej fatum kazirodztwa. Świat, w którym rzeczy nadzwyczajne miały wymiar szarej codzienności, zwyczajność zaś przyjmowana była jak zjawisko nadprzyrodzone; świat bez czasu, gdzie wiele rzeczy nie miało jeszcze nazw, był też jego światem. Potrzebował aż dwudziestu lat, by wreszcie spisać te rodzinne opowieści z całym dobrodziejstwem i przekleństwem odniesień biblijnych, baśniowych, literackich, politycznych; uświadomił nam, że „plemiona skazane na sto lat samotności nie mają już drugiej szansy na ziemi”.
650 _a821 Художня література окремими мовами і мовними сім'ями
_917
700 1 _aGrudzińska G.
_923309
700 1 _aWojciechowska K.
_923310
942 _cBK
_2udc
955 _a3
999 _c579723
_d579723